Tallest towers around the world - Statistics

General Stats
  • This quiz has been taken 6 times
  • The average score is 5 of 16
Answer Stats
Picture Answer % Correct
Burj Khalifa
80%
CN tower
60%
Taipei 101
60%
One world trade center
40%
Petronas twin tower
40%
Canton tower
20%
Cayan tower
20%
Central park tower
20%
KL tower
20%
Landmark 81
20%
Lotte world tower
20%
Lotus tower
20%
Merdeka 118
20%
Ping An Finance Center
20%
Shanghai tower
20%
Tokyo skytree
20%
No matching quizzes found
Score Distribution
Percent of People with Each Score
Percentile by Number Answered
Your Score History
You have not taken this quiz